000 00560cam a2200205ua 4500
001 1468
005 20260515113334.0
008 110709n ii |||gr||||Z||||||asm
020 _a81-7206-015-7
040 _cMAIN
082 _a320.5
100 1 _aDas, Mrigendra Narayan,
245 1 _arajniti bigyanor tatva plato aristotler rajnaitik darsan
_cby Mrigendra Narayan Das
250 _a1st.
260 _aDibrugarh:
_bBani Mandir,.993.
_aGuahati:
300 _a302p:
_c23cm.
653 _aPolitical science
653 _arajniti bigyanr tattva
942 _cBK
999 _c1357
_d1357